Návrh riešenia na zlepšenie podnikovej kultúry v podmienkach Secop s. r. o. s využitím personálneho marketingu

Na minha lista:
Detalhes bibliográficos
Autor principal: Kollár, David (Author)
Outros Autores: Stareček, Augustín (Thesis advisor)
Formato: Manuscrito Livro
Idioma:eslovaco
Publicado em: 2025
Assuntos:
Acesso em linha:http://is.stuba.sk/zp/portal_zp.pl?podrobnosti=183767
Tags: Adicionar Tag
Sem tags, seja o primeiro a adicionar uma tag!

MARC

LEADER 00000ntm a22000003a 4500
001 stuzp104214
003 SK-STU
005 20250614212802.1
007 ta
008 150427s2015----xo-----f-mn---000-0-slo-d
040 |a STU  |b slo 
041 0 |a slo 
100 1 |a Kollár, David  |u 064000  |4 aut  |U MTF Materiálovotechnologická fakulta  |T MTF Ústav priemyselného inžinierstva a manažmentu  |X 110458  |U M4000  |Y 84  |7 110458 
242 0 1 |a Proposal for a solution to improve corporate culture in the conditions of Secop s. r. o. using personnel marketing  |y eng 
245 1 0 |a Návrh riešenia na zlepšenie podnikovej kultúry v podmienkach Secop s. r. o. s využitím personálneho marketingu 
260 |c 2025 
650 4 |a corporate culture  |2 eng 
650 4 |a personnel marketing  |2 eng 
650 4 |a personnel management  |2 eng 
650 4 |a motivation  |2 eng 
650 4 |a podniková kultúra  |2 slo 
650 4 |a personálny marketing  |2 slo 
650 4 |a personálny manažment  |2 slo 
650 4 |a motivácia  |2 slo 
700 1 |a Stareček, Augustín  |u 064000  |k Z2  |4 ths  |U MTF Materiálovotechnologická fakulta  |T MTF Ústav priemyselného inžinierstva a manažmentu  |X 45682  |U M4000  |Y 84  |7 A000045682 
856 4 |u http://is.stuba.sk/zp/portal_zp.pl?podrobnosti=183767 
996 |b 52  |c M* DP-15575  |l MMSKP  |s P  |a 0  |w stuzp104214_0001